000 00417nam a2200181Ia 4500
005 20250423100110.0
008 250422s9999 xx 000 0 und d
020 _a978-1-59327-271-5
050 _aGA105.3D88
100 _aAdam Duvander
245 0 _aMap Scripting 101
260 _aSan Fancisco
260 _bNo Starch Press Inc
260 _c2010
300 _a341 p
650 _aCartography
942 _cBK
999 _c32279
_d32279